Tous les modèles de la marque Toyota - Statistiques

Statistiques générales
  • Ce quiz a été pris 33 fois
  • Le résultat moyen est 17 sur 106
Statistiques - réponses
Par images Réponse % Correct
Corolla
93%
RAV4
86%
Yaris
86%
Prius
82%
Supra
82%
Aygo
71%
C-HR
71%
Auris
57%
Land Cruiser
57%
Hilux
54%
Yaris Cross
54%
Celica
50%
Verso
50%
Camry
39%
iQ
36%
2000GT
32%
86
32%
Avensis
32%
MR-2
32%
bZ4x
29%
Crown
29%
Mirai
29%
Alphard
25%
Century
25%
Highlander
25%
Yaris Verso
25%
FJ Cruiser
18%
GR Supra
18%
Tacoma
18%
4Runner
14%
Altezza
14%
MR-S
14%
Sera
14%
Sprinter
14%
Tundra
14%
Verso-S
14%
Aqua
11%
Avalon
11%
GT-One
11%
Mark X
11%
Paseo
11%
Previa
11%
Sienna
11%
Vitz
11%
Aristo
7%
bB
7%
Caldina
7%
Carina
7%
Chaser
7%
Corona
7%
Cressida
7%
Cresta
7%
Mark II
7%
Matrix
7%
Mega Cruiser
7%
Prius c
7%
Sports 800
7%
Urban Cruiser
7%
Venza
7%
1600GT
4%
Agya
4%
Blade
4%
Camry Solara
4%
Celsior
4%
Classic
4%
C+pod
4%
Etios
4%
Harrier
4%
Noah
4%
Origin
4%
Sequoia
4%
Soarer
4%
Sprinter Trueno
4%
Vanguard
4%
WiLL VS
4%
Allex
0%
Allion
0%
APM
0%
Aurion
0%
Brevis
0%
Corona Exiv
0%
Crown Crossover
0%
Curren
0%
Duet
0%
Kijang
0%
Model A
0%
Opa
0%
Passo
0%
Premio
0%
Progres
0%
Ractis
0%
Raize
0%
Rukus
0%
RunX
0%
Sai
0%
Sprinter Cielo
0%
SW4
0%
Tank
0%
TownAce
0%
Vellfire
0%
Verossa
0%
Vios
0%
VM180
0%
Wildlander
0%
WiLL Cypha
0%
Windom
0%
Aucun quiz correspondant
Distribution des résultats
% des personnes avec chaque résultat
Percentile par nombre de réponses
Votre historique - résultats
Vous n’avez pas pris ce quiz